Central Library OPAC University of Rajshahi

Maulana Abul Kalam Azad : (Record no. 27129)

MARC details
000 -LEADER
fixed length control field 00747nam a2200229 a 4500
001 - CONTROL NUMBER
control field 27129
003 - CONTROL NUMBER IDENTIFIER
rucl marc code BD-RjUL
005 - DATE AND TIME OF LATEST TRANSACTION
control field 20211209051121.0
008 - FIXED-LENGTH DATA ELEMENTS--GENERAL INFORMATION
fixed length control field 140324s1959 ii c 010 0deng c
035 ## - SYSTEM CONTROL NUMBER
System control number (BD-RjUL)27200
040 ## - CATALOGING SOURCE
Original cataloging agency Rochester. Univ. Libr.
Transcribing agency EYW
Modifying agency BD-RjUL
Language of cataloging eng
041 ## - LANGUAGE CODE
Language code of text/sound track or separate title eng
082 ## - DEWEY DECIMAL CLASSIFICATION NUMBER
Classification number 954.09
Author mark and year MAU 1959
090 ## - LOCALLY ASSIGNED LC-TYPE CALL NUMBER (OCLC); LOCAL CALL NUMBER (OCLC)
Classification number (OCLC) (R) ; Classification number, CALL (RLIN) (NR) DS481.A9
Local cutter number (OCLC) ; Book number/undivided call number, CALL (RLIN) H3
245 10 - TITLE STATEMENT
Title Maulana Abul Kalam Azad :
Remainder of title a memorial volume /
Statement of responsibility, etc. edited by Humayun Kabir.
260 ## - PUBLICATION, DISTRIBUTION, ETC. (IMPRINT)
Place of publication, distribution, etc. Bombay ;
-- New York :
Name of publisher, distributor, etc. Asia Pub. House,
Date of publication, distribution, etc. 1959.
300 ## - PHYSICAL DESCRIPTION
Pagination ix, 241 p. :
Illustrations port. (front.) ;
Size 22 cm.
600 10 - SUBJECT ADDED ENTRY--PERSONAL NAME
Personal name Āzād, Abūlkalām,
Dates associated with a name 1888-1958.
651 #0 - SUBJECT ADDED ENTRY--GEOGRAPHIC NAME
Geographic name India
General subdivision Politics and government
Chronological subdivision 1919-1947.
9 (RLIN) 83298
700 ## - ADDED ENTRY--PERSONAL NAME
Personal name Humayun Kabir,
Fuller form of name 1906-1969
942 ## - ADDED ENTRY ELEMENTS (KOHA)
Source of classification or shelving scheme Dewey Decimal Classification
Koha item type Books
Holdings
Lost status Source of classification or shelving scheme Damaged status Not for loan Collection code Permanent Location Current Location Shelving location Date acquired Source of acquisition Total Checkouts Total Renewals Full call number Date last seen Date checked out Copy number Koha item type
  Dewey Decimal Classification     Non-fiction Central Library, University of Rajshahi Central Library, University of Rajshahi   25/10/1990 shqwkat osman dhaka 3   954.09 MAU 1959 06/12/2022 05/12/2022 C-2 Books